00817 a2200241 4500502002300000653002600023100001900049300001400068245013100082650001100213650002900224650001300253650000900266650002300275130000700298710009400305041000700399041000700406653002300413651001000436999001700446952011200463 aThèse d'exercice1 aSciences agronomiques aTchobo, Aimé aXV-125 p. aComparaison des rations de différents rapports protéine, énergie pour agneaux sevrés de la race naine ouest africaine aRATION aALIMENTATION DES ANIMAUX aPROTEINE aVEAU aALIMENT DE SEVRAGE lEn aAbomey-Calavi, Université nationale du Bénin, Faculté des Sciences Agronomiques, BJ bFr bEn 1aProduction animale aBENIN c30093d30093 00104070aBIDOCbBIDOCd0000-00-00l0oBU T.PA 001 1984r2009-02-28 00:00:00t1w2009-02-28yLIVRzA.4838